Report of the reorganisation commission for pigs and bacon (Record no. 427356)

000 -LEADER
fixed length control field 00297cam a22000977a 4500
008 - FIXED-LENGTH DATA ELEMENTS--GENERAL INFORMATION
fixed length control field 180718b1956 xxu||||| |||| 00| 0 eng d
082 ## - DEWEY DECIMAL CLASSIFICATION NUMBER
Classification number Z29x42 Un3p
245 ## - TITLE STATEMENT
Title Report of the reorganisation commission for pigs and bacon
260 ## - PUBLICATION, DISTRIBUTION, ETC.
Place of publication, distribution, etc. London
Name of publisher, distributor, etc. Her Majesty's Stationery Office
Date of publication, distribution, etc. 1956
300 ## - PHYSICAL DESCRIPTION
Extent 101+p.
Holdings
Withdrawn status Lost status Damaged status Not for loan Permanent Location Current Location Date acquired Full call number Barcode Date last seen Price effective from Koha item type
        Indian Institute of Public Administration Indian Institute of Public Administration 2009-11-17 Z29x42 Un3p 4034 2018-07-21 2018-07-21 Book

Powered by Koha